Statystyki dla Miasta Województwa Śląskiego

Kliknij tutaj aby rozwiązać quiz!

Ogólne statystyki

  • Ten quiz został rozwiązany 188 razy
  • Średni wynik to 40 z 73

Statystyki odpowiedzi

Liczba
ludności
Nazwa% Poprawnych
279 119Katowice
99%
170 457Gliwice
96%
188 151Sosnowiec
95%
207 117Częstochowa
94%
154 642Zabrze
94%
148 687Bytom
93%
101 184Chorzów
92%
122 605Tychy
89%
166 189Bielsko-Biała
87%
131 323Rybnik
86%
114 148Dąbrowa Górnicza
85%
131 062Ruda Śląska
85%
87 166Jaworzno
81%
71 473Mysłowice
80%
61 793Żory
79%
63 657Siemianowice Śląskie
77%
61 389Tarnowskie Góry
76%
82 788Jastrzębie-Zdrój
75%
29 723Żywiec
74%
25 177Pszczyna
73%
49 883Racibórz
73%
41 479Mikołów
72%
54 061Będzin
71%
45 644Świętochłowice
71%
10 678Wisła
69%
44 982Wodzisław Śląski
69%
46 433Zawiercie
67%
33 087Cieszyn
66%
34 862Czechowice-Dziedzice
65%
51 876Piekary Śląskie
65%
29 981Czeladź
64%
29 560Myszków
63%
35 739Knurów
57%
5 322Szczyrk
57%
18 891Bieruń
56%
21 221Łaziska Górne
54%
15 979Ustroń
54%
16 407Lędziny
52%
16 099Radzionków
51%
23 392Lubliniec
50%
9 432Imielin
48%
17 178Pyskowice
48%
21 881Orzesze
44%
20 325Rydułtowy
44%
12 297Kłobuck
39%
2 386Koziegłowy
39%
8 196Kalety
38%
16 938Radlin
37%
13 524Skoczów
36%
6 414Łazy
35%
4 644Kuźnia Raciborska
34%
6 948Miasteczko Śląskie
34%
2 497Olsztyn
34%
13 041Pszów
33%
3 534Strumień
33%
3 492Toszek
33%
3 169Wilamowice
33%
4 107Ogrodzieniec
31%
5 714Siewierz
31%
6 871Sławków
31%
3 363Szczekociny
31%
8 507Wojkowice
31%
9 070Blachownia
30%
5 404Koniecpol
29%
4 360Żarki
26%
1 965Sośnicowice
24%
1 769Pilica
23%
4 120Woźniki
23%
8 143Poręba
22%
2 021Krzanowice
19%
4 109Krzepice
17%
26 614Czewionka-Leszczyny
16%
1 157Włodowice
10%

Rozkład punktacji

Percentyl według liczby udzielonych odpowiedzi

Procent ludzi z każdym wynikiem

Twoja historia wyników

Nie rozwiązałeś tego quizu